LEADER 01308nam a2200313 u 4500 001 000000041305 003 CaOOAMICUS 005 20070226114211.0 008 981209s1993 it d u000 u ita u 020 $a8815040447 035 $a10810066 040 $aMSA$bita 100 1 $aFerrera, Maurizio.$0(OLS)http://pul/name/30410 245 10$aModelli di solidarietà :$bpolitica e riforme sociali nelle democrazie /$cMaurizio Ferrera. 260 $aBologna :$bIl Mulino,$c1993. 300 $a349 p. :$bprosp. ;$c22 cm 490 1 $aStudi e ricerche ;$v320 504 $aBibliografia: p. 323-349. 650 4$aWelfare state.$0(OLS)http://pul/subject/18631 650 4$aPolitica sociale.$0(OLS)http://pul/subject/879 830 0$aStudi e ricerche (Il Mulino) ;$v320.$0(OLS)http://pul/title/1250 850 $aPUL 852 $aPUL$W1$xSL Religione 2$y84$mRH A 43$j55995$nBK-PRI$b $qStampati altre collocazioni$B55995$CPULBib$Z2$F55995 $H $81 941 1 $a10 960 $aStato sociale$918631 961 $aINV: 87429 996 $6020$a8815040447$9(OLS)http://pul/number/51474 996 $6245$aModelli di solidarietà :$bpolitica e riforme sociali nelle democrazie$9(OLS)http://pul/title/55752 996 $6260$aBologna :$bIl Mulino$9(OLS)http://pul/publisher/47928 LEADER 01349nam a2200313 a 4500 001 000000175981 003 CaOOAMICUS 005 20230630142806.0 008 230630s2023 it u000 u ita r 020 $z978-88-6344-697-5* 032 $aLibriCat 040 $aPUL$bita 082 04$a193 245 00$aWittegenstein 100 anni dopo :$bla filosofia come forma di vita /$cPatrizia Manganaro (ed.) 260 $aLanciano :$bCasa Editrice Carabba,$c2023. 300 $a196 pagine ;$c21 cm 490 1 $aFilosofia contemporanea ;$v2 504 $aInclude bibliografia in nota. 600 14$aWittgenstein, Ludwig,$d1889-1951$xFilosofia.$0(OLS)http://pul/subject/2057 700 1 $aManganaro, Patrizia,$d1964-$0(OLS)http://pul/name/26746 830 0$aFilosofia contemporanea ;$v2.$0(OLS)http://pul/title/216558 850 $aPUL 852 $aPUL$W1$xSL Filosofia 3$y81$m193 MANPA 5$j200148$qDDC 21$B204930$CPULBib$Z2$F204930 $H136341 $82 941 1 $a9 996 $6020$z978-88-6344-697-5*$9(OLS)http://pul/number/169223 996 $6082$a193$9(OLS)http://pul/classification/412 996 $6245$aWittegenstein 100 anni dopo :$bla filosofia come forma di vita$9(OLS)http://pul/title/217472 996 $6260$aLanciano :$bCasa Editrice Carabba$9(OLS)http://pul/publisher/87499